00771nam a2200229 a 450000100100000000500170001000800410002704000250006808200250009311000600011824000180017824500410019625000370023726000500027430000210032465000400034565000420038565000510042771000370047804900090051599900170052400003018620200930060120.0110125s2006 dr 000 0 spa d aDO-SdBNPbspacBNPHU a346.043bR426l, 20061 aRepública DominicanabSuprema Corte de Justicia9790610a[Leyes, etc.]10aLey 108-05 de registro inmobiliario. a3a. ed., con reglamento ampliada aMoca, República Dominicana :bDalis,c2006. a164 p. ;c23 cm. 4aLeyeszRepública Dominicana93033 4aBienes raícesxLegislación914523 4aBienes raíceszRepública Dominicana9118421 aSuprema Corte de Justicia935963 aBNPD c29678d29678